| 000 | 00506nam a2200169 i 4500 | ||
|---|---|---|---|
| 001 | 32357 | ||
| 003 | ES-MaACL | ||
| 005 | 20230906154547.0 | ||
| 007 | t| | ||
| 008 | 030131s1969 sp ||||1| spa d | ||
| 100 | 1 |
_aBenito Gil, Florencio. _927677 |
|
| 245 | 1 | 0 |
_aFuel oil _b: almacenamiento, combustión y contaminación atmosférica / _cFlorencio Benito Gil. |
| 250 | _a[1ª ed.]. | ||
| 260 |
_aMadrid : _bBlume, _c[1969] |
||
| 300 |
_a275 p. : _bil. ; _c25 cm. |
||
| 852 |
_aES-MaACL _jC-37404 _bR.69971 |
||
| 999 |
_c32357 _d32357 |
||